| 000 | 01040nam a2200265Ia 4500 | ||
|---|---|---|---|
| 003 | OSt | ||
| 005 | 20221005104144.0 | ||
| 006 | a|||||r|||| 00| 0 | ||
| 007 | ta | ||
| 008 | 221004b |||||||| |||| 00| 0 hin d | ||
| 020 |
_a8189006258 (hbk) _cINR 250.00 |
||
| 024 | _a33529 | ||
| 037 |
_b279, 03/03/2017, Eastern Book Linkers _cTextual |
||
| 040 |
_aCRL _cCRL _bhin |
||
| 041 |
_2hin _ahin |
||
| 082 | _aO152,3:g(Y15), Q4 | ||
| 100 | _aकुलश्रेष्ठ, नीलम, संपा. | ||
| 245 | 0 | _aधर्म की बेड़ियॉं खोल रही है औरत | |
| 246 | _aDharma kī beड़iyaॉan khol rahī hai aurata | ||
| 260 |
_aदिल्ली _bनवचेतन प्रकाशन भारत _c2014 |
||
| 300 |
_a175पृ0 _ccm. |
||
| 650 | _aहिन्दी कहानी | ||
| 942 |
_hO152,3:g(Y15), Q4 _cTEXL _2cc |
||
| 999 |
_c1011884 _d1011884 |
||